[Event "Asia-ch Seniors 50"]
[Site "Mandalay"]
[Date "2016.11.03"]
[Round "8"]
[White "Kyi, Thein"]
[Black "Ba, Kyaw"]
[Result "1-0"]
[WhiteElo "2087"]
[BlackElo "1956"]
[PlyCount "113"]
[EventDate "2016.10.26"]
[EventType "swiss"]
[EventRounds "9"]
[EventCountry "MYA"]
[SourceTitle "CBM 175 Extra"]
[Source "ChessBase"]
[SourceDate "2016.12.12"]
[SourceVersion "1"]
[SourceVersionDate "2016.12.12"]
[SourceQuality "1"]

1. Nf3 d5 2. d4 Nf6 3. c4 e6 4. Nc3 Bb4 5. e3 Nbd7 6. Bd2 Nb8 7. Bc1 Nbd7 8. Bd2 dxc4 9. Bxc4 0-0 10. 0-0 Nb6 11. Bb3 c5 12. dxc5 Bxc5 13. Qe2 Bd7 14. Rfd1 Qe7 15. e4 Ng4 16. Be1 Bc6 17. h3 Nf6 18. Bd2 h6 19. Bf4 Rfd8 20. Ne5 Bd4 21. Nxc6 bxc6 22. e5 Bxc3 23. bxc3 Rxd1+ 24. Rxd1 Nfd5 25. Bd2 Qc5 26. Qg4 Kh8 27. Qh5 Qf8 28. c4 Nc7 29. Be3 Rc8 30. Bxb6 axb6 31. Rd7 Kg8 32. Qf3 Na6 33. Rb7 Nc5 34. Rxb6 Nd7 35. Rb7 Nxe5 36. Qe4 Qc5 37. Kh2 Rd8 38. f4 Ng6 39. Rc7 Ne7 40. Bc2 g6 41. Bb3 Rd2 42. Qe1 Rd4 43. Qh4 g5 44. Qxh6 Qf5 45. Qxg5+ Ng6 46. Qxf5 exf5 47. g3 Rd2+ 48. Kg1 Rd3 49. Kf2 Rd2+ 50. Ke3 Rh2 51. h4 Rh3 52. Kf2 Rh2+ 53. Kf3 Rd2 54. c5 Rd3+ 55. Kf2 Kf8 56. Rxf7+ Ke8 57. Rxf5 1-0

[Event "MYA-ch 42nd"]
[Site "Yangon"]
[Date "2016.06.29"]
[Round "?"]
[White "Kyi, Thein"]
[Black "Wynn, Zaw Htung"]
[Result "0-1"]
[WhiteElo "2123"]
[BlackElo "2410"]
[PlyCount "108"]
[EventDate "2016.06.20"]
[EventType "tourn"]
[EventRounds "15"]
[EventCountry "MYA"]
[SourceTitle "EXT 2018"]
[Source "ChessBase"]
[SourceDate "2017.10.13"]
[SourceVersion "1"]
[SourceVersionDate "2017.10.13"]
[SourceQuality "1"]

1. d4 Nf6 2. c4 e6 3. a3 d5 4. Nf3 Be7 5. Nc3 0-0 6. e3 b6 7. Bd3 Bb7 8. cxd5 exd5 9. 0-0 Nbd7 10. Qe2 Re8 11. Ne5 Nxe5 12. dxe5 Ne4 13. Qc2 f5 14. f3 Nxc3 15. Bxf5 Bc5 16. bxc3 Rxe5 17. f4 Rxf5 18. Qxf5 Qe7 19. Qd3 Re8 20. Kh1 Qf7 21. Bd2 a5 22. f5 Re5 23. Rf2 Bc8 24. Raf1 Bxa3 25. f6 g6 26. c4 Bd6 27. cxd5 Rxd5 28. Qc2 Ba6 29. Re1 Rh5 30. h3 Bg3 31. Ref1 Bxf1 32. Rxf1 Bd6 33. Qc6 Re5 34. e4 Bf8 35. Qc2 h5 36. Qd3 Re8 37. Bc3 Bd6 38. Qf3 a4 39. g4 h4 40. Be1 a3 41. Bc3 a2 42. Rd1 b5 43. Rd5 Ra8 44. Ba1 Ra6 45. Qf1 Qe6 46. f7+ Qxf7 47. Qxf7+ Kxf7 48. e5 Bb4 49. Rd7+ Ke6 50. Rxc7 Ra3 51. Rb7 Rb3 52. Kg2 Rb1 53. Bd4 Rd1 54. Ra7 Rxd4 0-1

[Event "MYA-ch 42nd"]
[Site "Yangon"]
[Date "2016.06.29"]
[Round "?"]
[White "Sie, Thu"]
[Black "Kyi, Thein"]
[Result "1-0"]
[WhiteElo "2217"]
[BlackElo "2123"]
[PlyCount "65"]
[EventDate "2016.06.20"]
[EventType "tourn"]
[EventRounds "15"]
[EventCountry "MYA"]
[SourceTitle "EXT 2018"]
[Source "ChessBase"]
[SourceDate "2017.10.13"]
[SourceVersion "1"]
[SourceVersionDate "2017.10.13"]
[SourceQuality "1"]

1. e4 e5 2. Nf3 Nc6 3. d4 exd4 4. Bc4 h6 5. 0-0 d6 6. Nxd4 Ne5 7. Bb3 Nf6 8. f4 Ned7 9. Nc3 Be7 10. Qf3 g6 11. Kh1 c6 12. Be3 Qc7 13. Rae1 0-0 14. f5 g5 15. Qh3 Kg7 16. Bxf7 Nc5 17. Ne6+ Nxe6 18. fxe6 Rxf7 19. Bxg5 hxg5 20. Rf5 Kg6 21. Rxg5+ Kxg5 22. Qf5+ Kh6 23. Re3 Nh5 24. Qxf7 Bxe6 25. Qxe6+ Bf6 26. Rh3 Kg7 27. Rxh5 Qf7 28. Rh7+ Kxh7 29. Qxf7+ Bg7 30. Qf5+ Kg8 31. Qe6+ Kh8 32. Qxd6 Re8 33. g4 1-0

[Event "MYA-ch 42nd"]
[Site "Yangon"]
[Date "2016.06.28"]
[Round "?"]
[White "Khin, Ko"]
[Black "Kyi, Thein"]
[Result "1-0"]
[WhiteElo "2167"]
[BlackElo "2123"]
[PlyCount "117"]
[EventDate "2016.06.20"]
[EventType "tourn"]
[EventRounds "15"]
[EventCountry "MYA"]
[SourceTitle "EXT 2018"]
[Source "ChessBase"]
[SourceDate "2017.10.13"]
[SourceVersion "1"]
[SourceVersionDate "2017.10.13"]
[SourceQuality "1"]

1. d4 Nf6 2. c4 e6 3. Nf3 Bb4+ 4. Bd2 Qe7 5. g3 Ne4 6. Bg2 0-0 7. 0-0 Nxd2 8. Nbxd2 d5 9. c5 c6 10. Nb3 Qd8 11. Ne5 Ba5 12. e4 Bc7 13. Nd3 dxe4 14. Bxe4 Nd7 15. Qe2 Re8 16. f4 Nf6 17. Bg2 Nd5 18. Rad1 f6 19. a3 Bd7 20. Rfe1 Qe7 21. Nd2 Rad8 22. Qf2 Qf7 23. Ne4 Bc8 24. Rd2 Qg6 25. b4 Ne7 26. Nc3 Nd5 27. Be4 Qf7 28. Na2 Bd7 29. Rb2 a6 30. Nac1 Ra8 31. a4 Nc3 32. Qc2 Nxe4 33. Rxe4 Re7 34. Qb3 Qh5 35. Rbe2 Qd5 36. Qb2 h5 37. Na2 Kf7 38. Nc3 Qf5 39. Qa2 h4 40. Rg2 hxg3 41. hxg3 Rh8 42. Nf2 Qh7 43. Qe2 Ree8 44. g4 f5 45. Re5 Bxe5 46. Qxe5 g6 47. Kf1 Rd8 48. Ne2 Bc8 49. Qe3 e5 50. fxe5 Be6 51. Nf4 Bc4+ 52. Ke1 g5 53. e6+ Ke7 54. Qe5 fxg4 55. Ne4 Qh1+ 56. Kd2 Rxd4+ 57. Qxd4 Rd8 58. Nd6 gxf4 59. Qg7+ 1-0

[Event "MYA-ch 42nd"]
[Site "Yangon"]
[Date "2016.06.28"]
[Round "?"]
[White "Kyi, Thein"]
[Black "Win, Zaw"]
[Result "1-0"]
[WhiteElo "2123"]
[BlackElo "1837"]
[PlyCount "97"]
[EventDate "2016.06.20"]
[EventType "tourn"]
[EventRounds "15"]
[EventCountry "MYA"]
[SourceTitle "EXT 2018"]
[Source "ChessBase"]
[SourceDate "2017.10.13"]
[SourceVersion "1"]
[SourceVersionDate "2017.10.13"]
[SourceQuality "1"]

1. d4 Nf6 2. c4 g6 3. Nc3 Bg7 4. e4 d6 5. Be2 0-0 6. Nf3 c5 7. 0-0 cxd4 8. Nxd4 Nc6 9. Be3 Bd7 10. Rc1 Rc8 11. h3 Re8 12. Qd2 a6 13. Rfd1 Qc7 14. Nd5 Qd8 15. f3 Nxd5 16. Nxc6 Bxc6 17. exd5 Bd7 18. Qb4 Qc7 19. Bb6 Qb8 20. Bd3 Be5 21. Qd2 e6 22. Be4 exd5 23. Bxd5 Be6 24. f4 Bg7 25. b3 Bxd5 26. Qxd5 Re2 27. Rd2 Re6 28. Rf1 Rc6 29. Bd4 Bxd4+ 30. Qxd4 Qe8 31. f5 Re4 32. Qf2 Rc5 33. fxg6 hxg6 34. Qg3 Rce5 35. Rxd6 Qe7 36. Rff6 Re6 37. Rdxe6 Rxe6 38. Rxe6 Qxe6 39. Qb8+ Kg7 40. Qxb7 Qe1+ 41. Kh2 Qf2 42. Qf3 Qxa2 43. Qc3+ f6 44. c5 Qf2 45. c6 Qf4+ 46. Qg3 Qc1 47. Qd6 g5 48. c7 Kg6 49. Qd3+ 1-0

[Event "MYA-ch 42nd"]
[Site "Yangon"]
[Date "2016.06.27"]
[Round "?"]
[White "Kyi, Thein"]
[Black "Phyo, Chit"]
[Result "1-0"]
[WhiteElo "2123"]
[BlackElo "2300"]
[PlyCount "116"]
[EventDate "2016.06.20"]
[EventType "tourn"]
[EventRounds "15"]
[EventCountry "MYA"]
[SourceTitle "EXT 2018"]
[Source "ChessBase"]
[SourceDate "2017.10.13"]
[SourceVersion "1"]
[SourceVersionDate "2017.10.13"]
[SourceQuality "1"]

1. Nf3 g6 2. e4 Bg7 3. d4 d6 4. Bc4 Nf6 5. Nbd2 0-0 6. Bb3 a5 7. a3 Nc6 8. c3 e5 9. d5 Ne7 10. 0-0 c6 11. c4 b5 12. dxc6 bxc4 13. Nxc4 Nxe4 14. Be3 Ba6 15. Re1 Bxc4 16. Bxc4 d5 17. Bb5 d4 18. Bd2 Qd5 19. Ba4 Nc5 20. Rc1 h6 21. Bb5 e4 22. Bc4 Qd6 23. b4 Nd3 24. Bxd3 exd3 25. b5 Nd5 26. a4 Nc3 27. Qb3 Rab8 28. Qc4 Qb4 29. Qxb4 axb4 30. Bf4 Rbc8 31. c7 Nxa4 32. Bd6 b3 33. Rc6 b2 34. b6 Rfe8 35. Rb1 Bf8 36. Bf4 g5 37. b7 gxf4 38. bxc8Q Rxc8 39. Nxd4 Bd6 40. Nb5 Be5 41. Kf1 Kf8 42. Ke1 Ke7 43. Kd2 Kd7 44. Rc4 Nb6 45. Re4 f6 46. Kxd3 Nd5 47. Rc4 Nxc7 48. Nxc7 Bxc7 49. Rxb2 Rd8 50. Rd4+ Bd6 51. Rb6 Ke7 52. Ke4 Ke6 53. Rbxd6+ Rxd6 54. Rxd6+ Kxd6 55. Kxf4 Ke6 56. g4 Ke7 57. Kf5 Kf7 58. h4 Ke7 1-0

[Event "MYA-ch 42nd"]
[Site "Yangon"]
[Date "2016.06.27"]
[Round "?"]
[White "Myint, Han"]
[Black "Kyi, Thein"]
[Result "1/2-1/2"]
[WhiteElo "2239"]
[BlackElo "2123"]
[PlyCount "90"]
[EventDate "2016.06.20"]
[EventType "tourn"]
[EventRounds "15"]
[EventCountry "MYA"]
[SourceTitle "EXT 2018"]
[Source "ChessBase"]
[SourceDate "2017.10.13"]
[SourceVersion "1"]
[SourceVersionDate "2017.10.13"]
[SourceQuality "1"]

1. e4 e5 2. Nf3 Nc6 3. Bb5 a6 4. Ba4 Nf6 5. d3 d6 6. c3 Bd7 7. 0-0 Be7 8. Nbd2 0-0 9. Re1 Na7 10. Bc2 c5 11. d4 cxd4 12. cxd4 Qc7 13. Nf1 Bg4 14. Be3 Bxf3 15. gxf3 Nh5 16. Ng3 Nf4 17. Rc1 g6 18. Bb3 Qa5 19. Ne2 Bg5 20. dxe5 Qxe5 21. Nxf4 Bxf4 22. Qd2 Bxe3 23. Qxe3 Nc6 24. Red1 Rad8 25. Rc3 Rd7 26. Rd5 Qf6 27. Ba4 Rc7 28. Qg5 Qxg5+ 29. Rxg5 Rd8 30. Rd5 Kf8 31. f4 Ke7 32. Kf1 Rcc8 33. Bxc6 Rxc6 34. Rxc6 bxc6 35. Ra5 Ra8 36. Ke2 Kd7 37. h4 c5 38. Kd3 Kc6 39. b3 Kb6 40. Ra4 Kb5 41. Rc4 Rd8 42. Rc1 d5 43. e5 a5 44. h5 Ra8 45. Rb1 Ra6 1/2-1/2

[Event "MYA-ch 42nd"]
[Site "Yangon"]
[Date "2016.06.23"]
[Round "?"]
[White "Saw, Win Aung"]
[Black "Kyi, Thein"]
[Result "1-0"]
[WhiteElo "2184"]
[BlackElo "2123"]
[PlyCount "99"]
[EventDate "2016.06.20"]
[EventType "tourn"]
[EventRounds "15"]
[EventCountry "MYA"]
[SourceTitle "EXT 2018"]
[Source "ChessBase"]
[SourceDate "2017.10.13"]
[SourceVersion "1"]
[SourceVersionDate "2017.10.13"]
[SourceQuality "1"]

1. d4 Nf6 2. c4 e6 3. Nc3 Bb4 4. Bg5 c5 5. Bxf6 Qxf6 6. e3 0-0 7. Nf3 d6 8. Be2 b6 9. 0-0 Bxc3 10. bxc3 Bb7 11. Bd3 Bxf3 12. gxf3 Nc6 13. Kh1 Rac8 14. Rg1 Kh8 15. Rg3 g6 16. a3 Na5 17. Rc1 Rfd8 18. d5 e5 19. Kg2 Rg8 20. Qc2 Qe7 21. Rh1 f5 22. h4 Rge8 23. f4 e4 24. Be2 h6 25. f3 Qf6 26. fxe4 Rxe4 27. Bd3 Re7 28. Kf2 Rg7 29. Ke1 Re8 30. Kd2 Ree7 31. Qd1 Kg8 32. Qf1 Qf7 33. h5 gxh5 34. Rxg7+ Kxg7 35. Qf3 Qg6 36. Rxh5 b5 37. cxb5 c4 38. Bxf5 Nb3+ 39. Ke2 Qf6 40. Be6 Kf8 41. Rf5 Rxe6 42. Rxf6+ Rxf6 43. Qg4 Nc5 44. Qc8+ Kg7 45. Qc7+ Kg6 46. Qxa7 Kf5 47. b6 Rg6 48. Qf7+ Rf6 49. Qh7+ Rg6 50. b7 1-0

[Event "MYA-ch 42nd"]
[Site "Yangon"]
[Date "2016.06.22"]
[Round "?"]
[White "Kyi, Thein"]
[Black "Than, Min Hlaing"]
[Result "0-1"]
[WhiteElo "2123"]
[BlackElo "2115"]
[PlyCount "92"]
[EventDate "2016.06.20"]
[EventType "tourn"]
[EventRounds "15"]
[EventCountry "MYA"]
[SourceTitle "EXT 2018"]
[Source "ChessBase"]
[SourceDate "2017.10.13"]
[SourceVersion "1"]
[SourceVersionDate "2017.10.13"]
[SourceQuality "1"]

1. d4 d5 2. Nf3 c6 3. Bf4 Qb6 4. Qc1 Bf5 5. e3 e6 6. c3 Nf6 7. h3 h6 8. Nbd2 a5 9. Be2 Be7 10. 0-0 0-0 11. Bh2 c5 12. Ne5 Nc6 13. Kh1 cxd4 14. Nxc6 Qxc6 15. exd4 b5 16. Nf3 Qb6 17. Qe3 Rfc8 18. Ne5 b4 19. c4 dxc4 20. Nxc4 Qd8 21. b3 Nd5 22. Qd2 Bg5 23. f4 Bf6 24. Bf3 Ra7 25. Rfe1 Nc3 26. Ne5 Bxe5 27. fxe5 Rd7 28. Bg1 Nb5 29. Rac1 Rxc1 30. Rxc1 Nxd4 31. Rd1 Bc2 32. Bc6 Bxd1 33. Bxd7 Nf3 34. Qd6 Nxg1 35. Kxg1 Bc2 36. Ba4 Qxd6 37. exd6 Kf8 38. Kf2 e5 39. Ke3 f5 40. g3 g5 41. Bd7 Kf7 42. g4 f4+ 43. Ke2 Bb1 44. Bf5 Bxa2 45. Kf3 Bxb3 46. Ke4 Kf6 0-1

[Event "MYA-ch 42nd"]
[Site "Yangon"]
[Date "2016.06.21"]
[Round "?"]
[White "Win, Tun"]
[Black "Kyi, Thein"]
[Result "1-0"]
[WhiteElo "2228"]
[BlackElo "2123"]
[PlyCount "79"]
[EventDate "2016.06.20"]
[EventType "tourn"]
[EventRounds "15"]
[EventCountry "MYA"]
[SourceTitle "EXT 2018"]
[Source "ChessBase"]
[SourceDate "2017.10.13"]
[SourceVersion "1"]
[SourceVersionDate "2017.10.13"]
[SourceQuality "1"]

1. Nf3 Nf6 2. d4 e6 3. Bg5 Be7 4. c4 b6 5. Nc3 Bb7 6. e3 Ne4 7. Bxe7 Qxe7 8. Nxe4 Bxe4 9. Be2 0-0 10. 0-0 c5 11. Nd2 Bb7 12. Bf3 d5 13. dxc5 bxc5 14. Qb3 Rd8 15. Rfd1 Nc6 16. cxd5 exd5 17. Rac1 Ne5 18. Qa3 Nxf3+ 19. Nxf3 Rdc8 20. Ne1 Rc7 21. Nd3 Rac8 22. h3 a6 23. Qc3 h6 24. Qe5 Kf8 25. Qf4 Re8 26. Rc3 c4 27. Nb4 Rd7 28. Nc2 Qd8 29. Nd4 Re4 30. Qf3 g6 31. Qg3 Qe7 32. Rdc1 a5 33. b3 Ba6 34. Qb8+ Kg7 35. Qb6 Qd6 36. Qxa5 Rb7 37. bxc4 Bxc4 38. R3c2 Re8 39. Qd2 Reb8 40. Rxc4 1-0

[Event "Yangon op"]
[Site "Yangon"]
[Date "2015.11.26"]
[Round "7"]
[White "Kyi, Thein"]
[Black "Nouri, Hamed"]
[Result "0-1"]
[WhiteElo "2135"]
[BlackElo "2330"]
[PlyCount "80"]
[EventDate "2015.11.23"]
[EventType "swiss"]
[EventRounds "9"]
[EventCountry "MYA"]
[SourceTitle "CBM 169 Extra"]
[Source "ChessBase"]
[SourceDate "2015.12.18"]
[SourceVersion "1"]
[SourceVersionDate "2015.12.18"]
[SourceQuality "1"]

1. d4 g6 2. Nf3 Bg7 3. c4 Nf6 4. Nc3 d6 5. Bf4 0-0 6. e3 Na6 7. Rc1 c5 8. Be2 b6 9. 0-0 Nh5 10. Bg5 h6 11. Bh4 g5 12. Bg3 Nxg3 13. hxg3 Nc7 14. Nh2 f5 15. g4 cxd4 16. exd4 Ne6 17. Bf3 Rb8 18. Bd5 Kh8 19. gxf5 Nxd4 20. f6 Bxf6 21. f4 Nf5 22. Ng4 Bd4+ 23. Kh2 gxf4 24. Ne2 e5 25. Nxd4 Qh4+ 26. Kg1 Nxd4 27. Nh2 Bb7 28. Nf3 Nxf3+ 29. Rxf3 Rf6 30. Rh3 Qg5 31. Qf3 Bxd5 32. cxd5 Rg8 33. Rc7 Rg7 34. Rc8+ Kh7 35. Kh1 Qf5 36. Re8 Rfg6 37. Qf2 Qb1+ 38. Kh2 Rxg2+ 39. Qxg2 Rxg2+ 40. Kxg2 Qg6+ 0-1

[Event "Yangon op"]
[Site "Yangon"]
[Date "2015.11.24"]
[Round "4"]
[White "Kyaw, Lin Naing"]
[Black "Kyi, Thein"]
[Result "1-0"]
[WhiteElo "2253"]
[BlackElo "2135"]
[PlyCount "175"]
[EventDate "2015.11.23"]
[EventType "swiss"]
[EventRounds "9"]
[EventCountry "MYA"]
[SourceTitle "CBM 169 Extra"]
[Source "ChessBase"]
[SourceDate "2015.12.18"]
[SourceVersion "1"]
[SourceVersionDate "2015.12.18"]
[SourceQuality "1"]

1. e4 c5 2. Nf3 e6 3. d4 cxd4 4. Nxd4 a6 5. Nc3 Qc7 6. g3 Bb4 7. Nde2 Nf6 8. Bg2 d6 9. 0-0 0-0 10. Bf4 Rd8 11. Rc1 b5 12. a4 Bxc3 13. Nxc3 b4 14. Na2 Bb7 15. Re1 Qb6 16. Be3 Qa5 17. Bd2 Nc6 18. c3 bxc3 19. Bxc3 Qg5 20. Bd2 Qg6 21. Nc3 Rab8 22. Bf4 Ne5 23. b4 h5 24. Qe2 Nc6 25. b5 Nd4 26. Qd1 e5 27. Be3 Ne6 28. Ba7 Ra8 29. Bb6 Rd7 30. bxa6 Bxa6 31. h4 Bb7 32. Qe2 Nd4 33. Qe3 Ne6 34. a5 Qg4 35. Nd5 Bxd5 36. exd5 Nd4 37. Qd3 Rb7 38. Rc4 Qd7 39. Rec1 Rbb8 40. Rc7 Qg4 41. Re1 Ne8 42. Rc4 Nf6 43. Bxd4 exd4 44. Rxd4 Qd7 45. a6 Qa7 46. Bf1 Ng4 47. Rf4 Rb2 48. Re2 Ne5 49. Qe3 Qb8 50. Rxb2 Qxb2 51. Kg2 Qa2 52. Rd4 Qa1 53. Be2 Rc8 54. Rd1 Qa5 55. Qd2 Qa4 56. Qd4 Qc2 57. Rd2 Qb1 58. a7 Nd7 59. Rb2 Qe1 60. Bxh5 Rc1 61. a8Q+ Kh7 62. Qd3+ g6 63. Bd1 Rxd1 64. Qxd1 Qxd1 65. Qa5 Nc5 66. Qd2 Qg4 67. Rb4 Qd7 68. Qd4 Qd8 69. Qf4 Kg7 70. Qd4+ Kh7 71. Rb2 Qe8 72. Rb6 Qd8 73. Rb1 Qe8 74. Qf4 Qe7 75. Rb6 Nd3 76. Qe3 Qd8 77. Rb7 Ne5 78. Qc3 Qa8 79. Qb3 Qa5 80. Rb5 Qe1 81. Qe3 Qd1 82. Qe4 Qc1 83. h5 Qc3 84. hxg6+ Nxg6 85. Rb6 Qc7 86. Rc6 Qd7 87. Qb4 Qf5 88. Rxd6 1-0

[Event "Yangon op"]
[Site "Yangon"]
[Date "2015.11.23"]
[Round "2"]
[White "Aung, Naing"]
[Black "Kyi, Thein"]
[Result "1-0"]
[WhiteElo "2288"]
[BlackElo "2135"]
[PlyCount "81"]
[EventDate "2015.11.23"]
[EventType "swiss"]
[EventRounds "9"]
[EventCountry "MYA"]
[SourceTitle "CBM 169 Extra"]
[Source "ChessBase"]
[SourceDate "2015.12.18"]
[SourceVersion "1"]
[SourceVersionDate "2015.12.18"]
[SourceQuality "1"]

1. d4 d5 2. c4 c6 3. Nc3 Nf6 4. Nf3 e6 5. e3 Bd6 6. Bd3 Nbd7 7. 0-0 0-0 8. e4 dxe4 9. Nxe4 Nxe4 10. Bxe4 h6 11. b3 Nf6 12. Bc2 Qe7 13. Bb2 Ba3 14. Bc3 Bb4 15. Qd3 Bxc3 16. Qxc3 c5 17. Rfe1 cxd4 18. Nxd4 b6 19. Nf5 Qd8 20. Rad1 Bd7 21. Nxg7 Kxg7 22. Qg3+ Kh8 23. Qf4 Kg7 24. Qg3+ Kh8 25. Qe5 Kg7 26. Re3 Rg8 27. Red3 Kf8 28. Rf3 Ng4 29. Qd6+ Ke8 30. Be4 Rc8 31. h3 Qc7 32. hxg4 Qxd6 33. Rxd6 Rxg4 34. Rfd3 Rc7 35. Rxd7 Rc5 36. f3 Rg3 37. Rxa7 f5 38. Rdd7 Rg8 39. Rh7 Kd8 40. Bb7 Ra5 41. Ba6 1-0